Elfogadták a csongrádi költségvetést
Elmentve itt :
| Szerző: | |
|---|---|
| Dokumentumtípus: | Cikk |
| Megjelent: |
2010-02-26
|
| Sorozat: | Délmagyarország
100 No. 48 |
| Kulcsszavak: | Csongrád (város), Közgyűlés, Költségvetés, Eseménynaptár Csongrád (város) 2010. 02. |
| Online Access: | http://dmarchiv.bibl.u-szeged.hu/142820 |
| LEADER | 00543nab a2200157 i 4500 | ||
|---|---|---|---|
| 001 | delm142820 | ||
| 005 | 20200212140225.0 | ||
| 008 | 200212s2010 hu o 0|| hun d | ||
| 040 | |a SZTE Délmagyarország Archívum |b hun | ||
| 041 | |a hun | ||
| 100 | 1 | |a Bíró Dániel | |
| 245 | 1 | 0 | |a Elfogadták a csongrádi költségvetést |h [elektronikus dokumentum] / |c Bíró Dániel |
| 260 | |c 2010-02-26 | ||
| 300 | |a 3 | ||
| 490 | 0 | |a Délmagyarország |v 100 No. 48 | |
| 695 | |a Csongrád (város), Közgyűlés, Költségvetés, Eseménynaptár Csongrád (város) 2010. 02. | ||